书目信息 |
| 题名: |
体育通识英语
|
|
| 作者: | 刘振忠 , 荣晶 主编 ;潘浪 分册主编 | |
| 分册: | 2 | |
| 出版信息: | 北京 清华大学出版社 2016 |
|
| 页数: | 256页 | |
| 开本: | 26cm | |
| 丛书名: | ||
| 单 册: | ||
| 中图分类: | H319.39 | |
| 科图分类: | ||
| 主题词: | 体育--英语--高等学校--教材 | |
| 电子资源: | ||
| ISBN: | 978-7-302-43051-3 | |
| 000 | 01187nam0 2200301 450 | |
| 001 | 012001002833 | |
| 005 | 20221208084351.83 | |
| 010 | @a978-7-302-43051-3@dCNY68.00 | |
| 099 | @aCAL 012016043688 | |
| 100 | @a20220905d2016 em y0chiy50 ea | |
| 101 | 0 | @achi@aeng |
| 102 | @aCN@b110000 | |
| 105 | @aa z 000yy | |
| 106 | @ar | |
| 200 | 1 | @a体育通识英语@Ati yu tong shi ying yu@d= General sports English@h2@f刘振忠, 荣晶主编@g潘浪... [等]分册主编@zeng |
| 210 | @a北京@c清华大学出版社@d2016 | |
| 215 | @a256页@c图@d26cm | |
| 304 | @a分册主编还有:关景军、杜思民、田国立 | |
| 330 | @a本书主题内容涵盖水上运动、冰上运动、雪上运动、重竞技及其他项目、户外与休闲文体活动,共23课,每课包括听说、阅读、练习、规则与概念、拓展阅读五个板块。视角多元,涵盖与体育项目和赛事相关的各个领域;活动设计贴近专业实践,切合体育专业学生学习需求。 | |
| 333 | @a本书适用于英语学习人员 | |
| 510 | 1 | @aGeneral sports English@h2@zeng |
| 606 | 0 | @a体育@x英语@x高等学校@j教材 |
| 690 | @aH319.39@v5 | |
| 701 | 0 | @a刘振忠@Aliu zhen zhong@4主编 |
| 701 | 0 | @a荣晶@Arong jing@4主编 |
| 702 | 0 | @a潘浪@Apan lang@4分册主编 |
| 801 | 0 | @aCN@bAHXH@c20221111 |
| 905 | @b1373594-8@dH319.39@e1423:2@f5 | |
| 体育通识英语= General sports English.2/刘振忠, 荣晶主编/潘浪... [等]分册主编.-北京:清华大学出版社,2016 |
| 256页:图;26cm |
| 使用对象:本书适用于英语学习人员 |
| ISBN 978-7-302-43051-3:CNY68.00 |
| 本书主题内容涵盖水上运动、冰上运动、雪上运动、重竞技及其他项目、户外与休闲文体活动,共23课,每课包括听说、阅读、练习、规则与概念、拓展阅读五个板块。视角多元,涵盖与体育项目和赛事相关的各个领域;活动设计贴近专业实践,切合体育专业学生学习需求。 |
| ● |
| 相关链接 |
|
|
|
|
正题名:体育通识英语
索取号:H319.39/1423:2
 
预约/预借
| 序号 | 登录号 | 条形码 | 馆藏地/架位号 | 状态 | 备注 |
| 1 | 1373594 | 213735948 | 第二样本阅览室/ [索取号:H319.39/1423:2] | 在馆 | |
| 2 | 1373595 | 213735957 | 教育系资料室/ [索取号:H319.39/1423:2] | 在馆 | |
| 3 | 1373596 | 213735966 | 教育系资料室/ [索取号:H319.39/1423:2] | 在馆 | |
| 4 | 1373597 | 213735975 | 第四借阅区/ [索取号:H319.39/1423:2] | 在馆 | |
| 5 | 1373598 | 213735984 | 第四借阅区/ [索取号:H319.39/1423:2] | 在馆 |